| 000 | 01045nam a2200289 i 4500 | ||
|---|---|---|---|
| 001 | 152209 | ||
| 003 | ES-MaACL | ||
| 005 | 20230906204559.0 | ||
| 008 | 931025s1898 sp |||| | spa d | ||
| 080 | _a372.4(07) | ||
| 100 | 1 |
_aBlanco y Sánchez, Rufino. _929311 |
|
| 245 | 1 | 0 |
_aArte de la lectura (teoría) / _cpor Rufino Blanco y Sanchez ; con una introducción sobre el lenguaje por José María Bris y Sanchez. |
| 250 | _a3ª ed. | ||
| 260 |
_aMadrid : _b[s.n.], _c1898 ( _fImprenta Agustin Avrial) |
||
| 300 |
_aLVI, 416 p., [1] h. de grab. ; _c18 cm. |
||
| 490 | 1 | _aLengua castellana | |
| 500 | _aApéndices: pp. 380-408. | ||
| 504 | _aBibliogr. : pp. 1-15. | ||
| 597 | _aAntep. | ||
| 597 | _aPort. con grab. xil. | ||
| 599 | _aLa h. de grab. entre p. 286 y 287, retrato de Ernesto Legoure. | ||
| 650 | 4 |
_aLectura- _vLibros escolares. _914067 |
|
| 700 | 1 |
_aBris y Sánchez, José María. _931783 |
|
| 830 | 0 |
_aLengua castellana _9221303 |
|
| 852 |
_aES-MaACL _jF-10004 _z-- Enc. pasta española |
||
| 999 |
_c152209 _d152209 |
||